Les joueurs du FC Barcelone (2009 - 2010 - 2011) - Statistiques

Statistiques générales
  • Ce quiz a été pris 641 fois
  • Le résultat moyen est 20 sur 39
Statistiques - réponses
Année Poste Joueurs % Correct
2009 2010 2011 M Andrés Iniesta
97%
2009 2010 2011 A Lionel Messi
97%
2009 2010 2011 M Xavi
97%
2009 2010 2011 D Gerard Piqué
96%
2009 2010 2011 G Victor Valdés
95%
2009 2010 2011 D Carles Puyol
94%
2009 2010 2011 M Sergio Busquets
93%
2009 2010 2011 D Dani Alves
90%
2009 2010 2011 Entr Pep Guardiola
89%
2011 A David Villa
87%
2009 2010 2011 A Pedro
86%
2009 A Samuel Eto'o
86%
2009 2010 2011 D Eric Abidal
85%
2009 2010 A Thierry Henry
83%
2010 A Zlatan Ibrahimovic
63%
2009 2010 M Yaya Touré
62%
2011 M Javier Mascherano
60%
2009 2011 G José Manuel Pinto
56%
2009 2010 2011 A Bojan Krkic
52%
2009 2010 2011 M Seydou Keita
48%
2009 M Victor Sanchez
45%
2009 2010 2011 M Thiago Alcantara
44%
2009 2010 D Rafael Marquez
41%
2011 D Adriano
35%
2009 2010 2011 A Jeffrén Suarez
34%
2010 2011 D Maxwell
30%
2011 M Ibrahim Afellay
24%
2009 D Sylvinho
22%
2009 2010 2011 D Gabriel Milito
20%
2009 M Aliaksandr Hleb
14%
2009 A Eidur Gudjohnsen
13%
2010 2011 M Jonathan Dos Santos
12%
2010 2011 D Andreu Fontas
11%
2010 D Dmytro Chyhrynskyy
11%
2009 D Marc Muniesa
9%
2009 D Martin Caceres
9%
2009 M Victor Vazquez
9%
2009 G Albert Jorquera
8%
2009 D Alberto Botia
6%
Aucun quiz correspondant
Distribution des résultats
% des personnes avec chaque résultat
Percentile par nombre de réponses
Votre historique - résultats
Vous n’avez pas pris ce quiz